000 004910000a22001930004500
001 001716
003 MACL
005 20150705115555.0
008 150705b xxu||||| |||| 00| 0 eng d
040 _aMACL
_cMACL
041 _aEnglish
082 _a306.958/TOP
100 _aTopno, Sem
_9728
245 _aMistical Culture Of The Munda Tribe
_cSem Topno
260 _aNew Delhi
_c2004
_bCocept Publishing Company,
350 _a900
650 _aSocial Science
_929
942 _k307
_cBK
_2ddc
999 _c13633
_d13633